|
|
|
|
| LEADER |
00894nam a2200301 4500 |
| 001 |
DLU090079202 |
| 005 |
##20090619 |
| 040 |
# |
# |
|a DLU
|b eng
|
| 041 |
# |
# |
|a eng
|
| 044 |
# |
# |
|a KR
|
| 100 |
# |
# |
|a Gupta, R. P.
|
| 245 |
# |
# |
|a A distribution automation system simulator for training and research /
|c R. P. Gupta, S. C. Srivastava.
|
| 653 |
# |
# |
|a Distribution automation
|
| 653 |
# |
# |
|a Distribution control center
|
| 653 |
# |
# |
|a Lab model
|
| 653 |
# |
# |
|a Scaled down model
|
| 653 |
# |
# |
|a Training simulator
|
| 700 |
# |
# |
|a Srivastava, S. C.
|
| 773 |
# |
# |
|t Power Engineering
|g Vol. 5-A, no. 2 (2005), p. 159-170
|
| 920 |
# |
# |
|a Phòng Tạp chí -- Trung tâm Thông tin - Thư viện Trường Đại học Đà Lạt
|
| 994 |
# |
# |
|a DLU
|
| 900 |
# |
# |
|a True
|
| 911 |
# |
# |
|a Trương Bảo Trâm Anh
|
| 925 |
# |
# |
|a G
|
| 926 |
# |
# |
|a A
|
| 927 |
# |
# |
|a BB
|
| 980 |
# |
# |
|a Thư viện Trường Đại học Đà Lạt
|